แสดงรายละเอียดบรรณานุกรม
  กลับหน้าหลัก

Brief Record : Get Marc (ISO 2709) : E-mail record : QR code ปิดหน้าต่าง
E-books : เกี่ยวกับ Collections
LEADER 00000nam 2200000uu 4500
001    213263
003     ULIBM
008    230607s||||||||th 000 0 tha d
020    ^a978-974-03-4138-3
040    ^abcnkk
041    ^atha
060  0 ^aWB 310 ว492ก 2565
100 0  ^aวาสินี วิเศษฤทธิ์
245 00 ^aการดูแลแบบประคับประคอง :^b การออกแบบระบบบริการและการพัฒนาสมรรถนะพยาบาลวิชาชีพ/^cวาสินี วิเศษฤทธิ์
250    ^aพิมพ์ครั้งที่ 1
260    ^aกรุงเทพ:^bสำนักพิมพ์จุฬาลงกรณ์มหาวิทยาลัย,^c2565
300    ^a189 หน้า:^bภาพประกอบ;^c26 ซม.
650  0 ^aผู้ป่วยระยะสุดท้าย
650  0 ^aผู้ป่วยหนัก--การดูแล
650  0 ^aการดูแลผู้ป่วยระยะสุดท้ายแบบประคับประคอง
650  0 ^aการรักษาเพื่อบรรเทาอาการ
999    ^aใช้งานได้ทุกระบบ
รายการนี้ยังไม่มีแท็ก
คุณยังไม่ได้ล็อกอิน คุณสามารถมีกิจกรรมร่วมกับเว็บไซต์ได้ แต่ต้องล็อกอินก่อน ::
  ล็อกอิน
ลำดับที่ ประเภท เลขเรียก สถานที่ สถานะ
1. การพยาบาล (ตำราหลัก)
การพยาบาล (ตำราหลัก)
WB 310 ว492ก 2565 ฉ.1 
  
การพยาบาลผู้สูงอายุ On Shelf
  ขอยืม
Note:จัดซื้อปีงบฯ 2566
2. การพยาบาล (ตำราหลัก)
การพยาบาล (ตำราหลัก)
WB 310 ว492ก 2565 ฉ.2 
  
การพยาบาลผู้สูงอายุ On Shelf
  ขอยืม
Note:จัดซื้อปีงบฯ 2566
3. การพยาบาล (ตำราหลัก)
การพยาบาล (ตำราหลัก)
WB 310 ว492ก 2565 ฉ.3 
  
การพยาบาลผู้สูงอายุ On Shelf
  ขอยืม
Note:จัดซื้อปีงบฯ 2566
4. การพยาบาล (ตำราหลัก)
การพยาบาล (ตำราหลัก)
WB 310 ว492ก 2565 ฉ.4 
  
การพยาบาลผู้สูงอายุ On Shelf
  ขอยืม
Note:จัดซื้อปีงบฯ 2566
5. การพยาบาล (ตำราหลัก)
การพยาบาล (ตำราหลัก)
WB 310 ว492ก 2565 ฉ.5 
  
การพยาบาลผู้สูงอายุ On Shelf
  ขอยืม
Note:จัดซื้อปีงบฯ 2566
   [แสดง 5/5 รายการ]

รายการใกล้เคียง
    ผู้แต่ง [วาสินี วิเศษฤทธิ์]

    หัวเรื่อง [ผู้ป่วยระยะสุดท้าย]
    หัวเรื่อง [ผู้ป่วยหนัก--การดูแล]
    หัวเรื่อง [การรักษาเพื่อบรรเทาอาการ]

BibComment


ยังไม่เคยถูกคอมเมนท์

คอมเมนท์ทรัพยากรรายการนี้
  คอมเมนท์: การดูแลแบบประคับ..
Bib 213263

 
 
 

 Union Library Management : ULibM
Copyright 2026. All Rights Reserved.
скачать бесплатно без регистрации порно красивый секс HD Sex Hindi sex

xxx gou

xxxx

bfxxx

xxxwww

Секса Видео

xxxx

Секса Видео

detube

geilexxx

C99 Shell

worms shell

blod xxx video
Ebony Coed Rihanna Rimes Takes A Dick In Her Young Twat priyaa indian fuck anal and pusssy hardcore indian women xxx desi hardcore fucking part 1 bengalixxxcouple